Κατάλογος Βιβλιοθηκών Mediterranean College

Εισαγωγή στην Οικονομετρία. (Record no. 3824)

MARC details
000 -LEADER
fixed length control field 01659cam a22001934a 4500
005 - ΗΜΕΡΟΜΗΝΙΑ ΚΑΙ ΩΡΑ ΤΕΛΕΥΤΑΙΑΣ ΕΝΗΜΕΡΩΣΗΣ
Πεδίο ελέγχου 20250605163413.0
008 - FIXED-LENGTH DATA ELEMENTS--GENERAL INFORMATION
Πεδίο ελέγχου σταθερού μήκους 250528s ||||||||||||||||||||||||d
035 ## - SYSTEM CONTROL NUMBER
System control number 18463
020 ## - ISBN
ISBN 550163
040 ## - ΠΗΓΗ ΚΑΤΑΛΟΓΟΓΡΑΦΗΣΗΣ
Φορέας πρωτότυπης καταλογογράφησης MC Athens Campus Library
Γλώσσα καταλογογράφησης Ελληνικά, Μοντέρνα (1453-)
Modifying agency MC Athens Campus Library
Κανόνες περιγραφικής καταλογογράφησης AACR2
245 1# - ΤΙΤΛΟΣ ΚΑΙ ΔΗΛΩΣΗ ΥΠΕΥΘΥΝΟΤΗΤΑΣ
Τίτλος Εισαγωγή στην Οικονομετρία.
Number of part/section of a work Τόμος Πρώτος
260 ## - PUBLICATION, DISTRIBUTION, ETC.
Name of publisher, distributor, etc. Gutenberg,
Date of publication, distribution, etc. 2000
300 ## - PHYSICAL DESCRIPTION
Extent 350
520 ## - SUMMARY, ETC.
Summary, etc. Πρόλογος, Εισαγωγή, Αντικείμενο και Σκοποί της Οικονομετρίας, Στοιχεία από τη Στατιστική Θεωρία, Κατανομές Τυχαίων Μεταβλητών, Δειγματοληπτική Θεωρία, Στατιστική Επαγωγή: Εκτίμηση, Στατιστική Επαγωγή: Έλεγχος Υποθέσεων, Ανάλυση Γραμμικού Υποδείγματος, Το Γραμμικό Υπόδειγμα: Απλή Παλινδρόμηση, Το Γραμμικό Υπόδειγμα: Πολυμεταβλητή Παλινδρόμηση, Βασικές Έννοιες από την Άλγεβρα των Μητρών, Επεκτάσεις του Γραμμικού Υποδείγματος, Οικονομετρικά Προβλήματα: Παραβίαση των Υποθέσεων, Πολυσυγγραμμικότητα και Σφάλμα Εξειδικεύσεως, Παραβίαση των Στοχαστικών Υποθέσεων, Επιλογή Βιβλιογραφίας, Στατιστικοί Πίνακες, Ευρετήριο.
700 1# - ΠΡΟΣΘΕΤΗ ΑΝΑΓΡΑΦΗ--ΦΥΣΙΚΟ ΠΡΟΣΩΠΟ
Personal name Χρήστου Γεώργιος Κ
942 ## - ADDED ENTRY ELEMENTS (KOHA)
Koha item type Books
Holdings
Τύπος τεκμηρίου Βιβλιοθήκη Τρέχουσα τοποθεσία Barcode Αριθμός εισαγωγής Ημερομηνία απόκτησης Ταξιθετικό σύμβολο Αριθμός αντιτύπου Κατάσταση απόσυρσης Κατάσταση χαμένου Κατάσταση κατεστραμμένου Μη δανεισμός Σύνολο δανεισμών Ημερομηνία τελευταίας εμφάνισης Η τιμή ισχύει από
Books MC Athens Campus Library MC Athens Campus Library 9780000038234 3155 05/06/2025 330.015/195 HRI V.1 1           05/06/2025 05/06/2025

MC Athens Campus Library
Πατησίων 94 & Κοδριγκτώνος 13, 104 34
Πελλήνης 8 & Πατησίων 107, 112 51
Τ: +30 210 8899600

MC Thessaloniki Campus Library
Ίωνος Δραγούμη 21, 54625 | Ίωνος Δραγούμη 15, 54625
Τ: +30 2310 287779 – Τ: +30 2314 440300